| 000 | 01516nam a2200361 a 4500 | ||
|---|---|---|---|
| 001 | 000113482 | ||
| 003 | CHAP | ||
| 005 | 20220329144357.0 | ||
| 008 | 170724s2016 mx a fsm |||||||spa d | ||
| 010 | _a109943 | ||
| 011 | _a110915 | ||
| 040 | _cCHAP | ||
| 090 | _aTesis | ||
| 100 | 1 |
_aTorrijos Almazán, Jorge Luis _9132796 |
|
| 245 | 1 | 0 |
_aEstablecimiento de una unidad de manejo para la conservación y aprovechamiento sustentable de Aratinga canicularis, en el ejido Comala, municipio de Atenango del rio, Guerrero / _h[En línea] _cpor Jorge Luis Torrijos Almazán y Cruz Rubén Trujillo Sánchez. |
| 260 |
_aChapingo, Méx. : _bEl autor, _c2016. |
||
| 500 | _aPara ver el contenido del material haga clic en la liga | ||
| 502 | _aTesis (Ing. en Restauración Forestal) -- UACH. División de Ciencias Forestales | ||
| 590 |
_aBATCH-UPD _b05 _c20170724 _lUCH01 _h1322 |
||
| 590 |
_aE11695DGD _b10 _c20170724 _lUCH01 _h1342 |
||
| 590 |
_aE8697GMM _b05 _c20170724 _lUCH01 _h1152 |
||
| 590 |
_aE8697GMM _b05 _c20170724 _lUCH01 _h1321 |
||
| 590 |
_aE8697GMM _b05 _c20170724 _lUCH01 _h1331 |
||
| 650 | 1 | 4 |
_aAratinga cunicularis _xConservación. _9132799 |
| 650 | 1 | 4 |
_aAratinga cunicularis _xPreservación. _9132800 |
| 650 | 1 | 4 |
_aÁreas protegidas _xConservación _zMéxico. _9132801 |
| 650 | 1 | 4 |
_aAves conservación _zMéxico. _9131038 |
| 700 | 1 |
_aTrujillo Sánchez, Cruz Rubén _9132797 |
|
| 856 |
_aFinding aid _uhttp://10.13.5.2/tesis/sist113482.pdf _zTeclea aquí |
||
| 901 | _aBK | ||
| 942 | _cTESIS | ||
| 942 | _n0 | ||
| 999 |
_c109943 _d109943 |
||